Nuclear power and Weapons Proliferation / (Record no. 186315)
[ view plain ]
| 000 -LEADER | |
|---|---|
| fixed length control field | 00969 a2200253 4500 |
| 003 - CONTROL NUMBER IDENTIFIER | |
| control field | NUST |
| 005 - DATE AND TIME OF LATEST TRANSACTION | |
| control field | 20221229132847.0 |
| 010 ## - LIBRARY OF CONGRESS CONTROL NUMBER | |
| LC control number | 77366066 |
| 020 ## - INTERNATIONAL STANDARD BOOK NUMBER | |
| International Standard Book Number | 0860790037 : |
| 040 ## - CATALOGING SOURCE | |
| Transcribing agency | Nust |
| 082 00 - DEWEY DECIMAL CLASSIFICATION NUMBER | |
| Classification number | 355.82,GRE |
| 100 1# - MAIN ENTRY--PERSONAL NAME | |
| Personal name | Greenwood, Ted |
| 9 (RLIN) | 106387 |
| 245 10 - TITLE STATEMENT | |
| Title | Nuclear power and Weapons Proliferation / |
| Statement of responsibility, etc. | by Ted Greenwood, George W. Rathjens, and Jack Ruina. |
| 260 ## - PUBLICATION, DISTRIBUTION, ETC. | |
| Place of publication, distribution, etc. | London : |
| Name of publisher, distributor, etc. | International Institute for Strategic Studies, |
| Date of publication, distribution, etc. | 1976, c1977. |
| 300 ## - PHYSICAL DESCRIPTION | |
| Extent | 51 p. : |
| Other physical details | ill. ; |
| Dimensions | 25 cm. |
| 440 #0 - SERIES STATEMENT/ADDED ENTRY--TITLE | |
| Title | Adelphi papers ; |
| Volume/sequential designation | no. 130 |
| 9 (RLIN) | 106259 |
| 505 ## - FORMATTED CONTENTS NOTE | |
| Formatted contents note | Nuclear Weapons Technology (Page-2), The Nuclear Fuel Cycle (Page-6), Nuclear Power technology (Page-11), Controlling the Diffusion of Nuclear Technology (Page-28). |
| 650 #0 - SUBJECT ADDED ENTRY--TOPICAL TERM | |
| Topical term or geographic name entry element | Nuclear engineering. |
| 9 (RLIN) | 41853 |
| 650 #0 - SUBJECT ADDED ENTRY--TOPICAL TERM | |
| Topical term or geographic name entry element | Nuclear nonproliferation. |
| 9 (RLIN) | 20630 |
| 650 #0 - SUBJECT ADDED ENTRY--TOPICAL TERM | |
| Topical term or geographic name entry element | Nuclear weapons. |
| 9 (RLIN) | 13005 |
| 700 1# - ADDED ENTRY--PERSONAL NAME | |
| Personal name | Rathjens, George W., |
| 9 (RLIN) | 106388 |
| 700 1# - ADDED ENTRY--PERSONAL NAME | |
| Personal name | Ruina, J. P. |
| 9 (RLIN) | 106389 |
| 942 ## - ADDED ENTRY ELEMENTS (KOHA) | |
| Source of classification or shelving scheme | |
| Koha item type | Book |
| Call number prefix | 355.82,GRE |
| Withdrawn status | Lost status | Source of classification or shelving scheme | Damaged status | Not for loan | Permanent Location | Current Location | Shelving location | Date acquired | Full call number | Barcode | Date last seen | Price effective from | Koha item type | Public note |
|---|---|---|---|---|---|---|---|---|---|---|---|---|---|---|
| Military College of Signals (MCS) | Military College of Signals (MCS) | General Stacks | 12/12/2016 | 355.82,GRE | MCS21771 | 12/08/2016 | 12/12/2016 | Book | Almirah No.53, Shelf No.4 |
